[Event "OMA-ch 11th"]
[Site "Muscat"]
[Date "2024.01.31"]
[Round "9"]
[White "Said, Ahmed Ali Jidal Fad"]
[Black "Al Maashani, Amer Ahmed"]
[Result "0-1"]
[WhiteElo "1678"]
[BlackElo "2037"]
[PlyCount "93"]
[EventDate "2024.01.24"]
[EventType "swiss"]
[EventRounds "9"]
[EventCountry "OMN"]
[SourceTitle "CBM 218 Extra"]
[Source "ChessBase"]
[SourceDate "2024.03.31"]
[SourceVersion "1"]
[SourceVersionDate "2024.03.31"]
[SourceQuality "1"]

1. d4 c5 2. d5 Nf6 3. c4 e5 4. Nc3 d6 5. e4 Be7 6. Bd3 0-0 7. Nge2 Ne8 8. Be3 Bg5 9. Qd2 Bxe3 10. Qxe3 Nd7 11. g4 Ndf6 12. f3 a6 13. a4 b6 14. h4 h5 15. gxh5 Nxh5 16. Qg5 Qxg5 17. hxg5 g6 18. Kd2 Kg7 19. Raf1 f6 20. gxf6+ Nexf6 21. Rfg1 Kh6 22. f4 Bg4 23. f5 Rg8 24. Ng3 gxf5 25. Be2 f4 26. Bxg4 fxg3 27. Bf5 Rg5 28. Ne2 Rag8 29. Rg2 Kg7 30. Rf1 Kf8 31. a5 bxa5 32. Ke3 Ke7 33. Ra1 Rb8 34. Rxa5 Rb3+ 35. Kd2 Nf4 36. Rxg3 Rgxg3 37. Nxg3 Rxg3 38. Rxa6 Ng4 39. Ra7+ Kf6 40. Rd7 Rd3+ 41. Kc1 Ne3 42. Rxd6+ Kg5 43. Kb1 Nxf5 44. exf5 Kxf5 45. Rc6 e4 46. Rxc5 e3 47. d6+ 0-1

[Event "OMA-ch 11th"]
[Site "Muscat"]
[Date "2024.01.29"]
[Round "7"]
[White "Al Mashikhi, Salim Aliyan"]
[Black "Al Maashani, Amer Ahmed"]
[Result "0-1"]
[WhiteElo "1994"]
[BlackElo "2037"]
[PlyCount "46"]
[EventDate "2024.01.24"]
[EventType "swiss"]
[EventRounds "9"]
[EventCountry "OMN"]
[SourceTitle "CBM 218 Extra"]
[Source "ChessBase"]
[SourceDate "2024.03.31"]
[SourceVersion "1"]
[SourceVersionDate "2024.03.31"]
[SourceQuality "1"]

1. c4 Nf6 2. Nc3 c5 3. g3 e6 4. Bg2 d5 5. cxd5 exd5 6. d4 cxd4 7. Qxd4 Nc6 8. Qa4 d4 9. Nb5 Bb4+ 10. Kf1 0-0 11. Bf4 Nd5 12. Rd1 Nxf4 13. gxf4 Bc5 14. e3 Bg4 15. f3 Bd7 16. Qc4 Qb6 17. Rc1 Ne5 18. Qxc5 Bxb5+ 19. Ne2 Bxe2+ 20. Kxe2 Qa6+ 21. Kd2 Qd3+ 22. Ke1 Qxe3+ 23. Kd1 Nd3 0-1